• 首页
  • 本馆介绍
  • 公告通知
  • 最新文献
  • 馆藏检索
  • 电子资源
  • 读者导购
  • 参考咨询
  • 我的图书馆
  • 登录
  • 详细信息显示
  • 放入我的书架
  • 预约/预借图书
  • 作者相关作品
  • 分类相关作品
  • 丛书相关作品
  • 出版社相关作品

书目信息

  • 表格格式
  • 工作单格式
  • 卡片格式
题名:
民主的历程
    
 
作者: 邓恩 , Dunn 编 ;林猛 译
分册:  
出版信息: 长春   吉林人民出版社  2005
页数: 290页
开本: 20cm
丛书名: 人文译丛
单 册:
中图分类: D082
科图分类:
主题词: 民主--历史--西方国家--公元前508~1999 , 民主
电子资源:
ISBN: 7-206-03407-1
000 01034oam2 2200313 45
001 012006061301
005 20070705165631.43
010    @a7-206-03407-1@dCNY23.80
092    @aCN@b496219
100    @a20060613d2005 em y0chiy0120 ea
101 1  @achi@ceng
102    @aCN@b220000
105    @ay z 000yy
200 1  @a民主的历程@Amin zhu de li cheng@f(英)约翰·邓恩(John Dunn)编@F( ying ) yue han· deng en (John Dunn) bian@g林猛等译@Glin meng deng yi
205    @a2版
210    @a长春@c吉林人民出版社@d2005
215    @a290页@d20cm
225 2  @a人文译丛
330    @a本书主要介绍了古希腊民主制度的创立与发展、古希腊的民主、这哲学和科学、民主与美国革命等。
461  0 @12001 @a人文译丛
510 1  @aDemocracy:the unfinished journey@e508 BC to AD 1993@zeng
606 0  @a民主@x历史@y西方国家@z公元前508~1999
606 0  @a民主
690    @aD082@v4
701  1 @a邓恩@Adeng en@bJ.@4编
701  1 @aDunn@bJohn@4编
702  0 @a林猛@Alin meng@4译
801  0 @aCN@bLZJBOOK@c20070705
905    @a10447@dD082@e22=2
    
    民主的历程/(英)约翰·邓恩(John Dunn)编/林猛等译.-2版.-长春:吉林人民出版社,2005
    290页;20cm.-(人文译丛)
    
    
    ISBN 7-206-03407-1:CNY23.80
    本书主要介绍了古希腊民主制度的创立与发展、古希腊的民主、这哲学和科学、民主与美国革命等。
●
相关链接 在E读中查询图书 在五车中查询图书 在当当中查询图书 在豆瓣中查询图书


正题名:民主的历程     索取号:D082/22=2         预约/预借

序号 登录号 条形码 馆藏地/架位号 状态 备注
1 0556346   205563460   第一样本阅览室/ [索取号:D082/22=2] 在馆    
2 0556347   205563479   第一借阅区/ [索取号:D082/22=2] 在馆    
3 0556348   205563488   第一借阅区/ [索取号:D082/22=2] 在馆    
4 0556349   205563497   第一借阅区/ [索取号:D082/22=2] 在馆    
5 0556350   205563503   第一借阅区/ [索取号:D082/22=2] 在馆    
6 0556351   205563512   第一借阅区/ [索取号:D082/22=2] 在馆    
7 0556352   205563521   第一借阅区/ [索取号:D082/22=2] 在馆    
8 0556353   205563530   第一借阅区/ [索取号:D082/22=2] 在馆    
唐山师范学院图书馆 欢迎您!
大连网信软件有限公司© 版权所有